Library of the University of Algiers 3
Ibrahim Sultan Cheibout
شعار جامعة الجزائر 3
مكتبة جامعة الجزائر 3
إبراهيم سلطان شيبوط

الاتصال والاتصال الاداري : (رقم التسجيلة. 42038)

تفاصيل مارك
000 -LEADER
fixed length control field 01588nam a2200241Ia 4500
003 - CONTROL NUMBER IDENTIFIER
control field Ost
005 - DATE AND TIME OF LATEST TRANSACTION
control field 20260507074957.0
008 - FIXED-LENGTH DATA ELEMENTS--GENERAL INFORMATION
fixed length control field 260507s9999||||xx |||||||||||||| ||und||
040 ## - CATALOGING SOURCE
Transcribing agency fsecg
041 ## - LANGUAGE CODE
Language code of text/sound track or separate title ara
082 ## - DEWEY DECIMAL CLASSIFICATION NUMBER
Classification number 301.14
100 ## - MAIN ENTRY--PERSONAL NAME
Personal name جعلوط، سامر
Relator term مؤلف
245 #0 - TITLE STATEMENT
Title الاتصال والاتصال الاداري :
Remainder of title المبادئ والممارسة /
Statement of responsibility, etc. سامر جعلوط
260 ## - PUBLICATION, DISTRIBUTION, ETC.
Place of publication, distribution, etc. دمشق:
Name of publisher, distributor, etc. دار الرضا للنشر,
Date of publication, distribution, etc. 2002
300 ## - PHYSICAL DESCRIPTION
Extent 284 صفحة؛
Other physical details إيضاحات ؛
Dimensions 25 سم
490 ## - SERIES STATEMENT
Series statement سلسلة الرضا للمعلومات
Volume/sequential designation 176
520 ## - SUMMARY, ETC.
Summary, etc. تقنيات،التكلم بشكل فعال:دليل مختصر للأسلوب،صناعة الكتابة المؤثرة:كيف تكتب بشكل فعال،إجراءات،كيف تبني علاقات عمل جيدة مع الإعلام،بيئة عمل الصحافيين،تطبيقات،الأعمال والصحافة،‘رسال التغذية الراجعة واستقبالها،إدارة الاجتماعات،اتصال التغيير،الاتصال مع الجمهور الخارجي،الاتصال عبر الثقافات المختلفة،الأخلاق الشخصية والمشتركة،الاتصال الإلكتروني،دراسة حالة:صحافة "دوتسورث"،دراسة حالة:"شركة إنلاند لتصنيع الفحم والفولاذ
653 ## - INDEX TERM--UNCONTROLLED
Uncontrolled term إدارة أعمال
653 ## - INDEX TERM--UNCONTROLLED
Uncontrolled term الإتصال
653 ## - INDEX TERM--UNCONTROLLED
Uncontrolled term الإعلام - الإعلان
700 ## - ADDED ENTRY--PERSONAL NAME
Personal name إي.هاتيرسللي، ميشيل
Relator term مؤلف ثانوي
942 ## - ADDED ENTRY ELEMENTS (KOHA)
Koha item type كتب
المقتنيات
Withdrawn status Lost status Source of classification or shelving scheme Damaged status Not for loan Home library Current library Date acquired Serial enumeration / chronology Inventory number Total checkouts Full call number Barcode Date last seen Price effective from Koha item type
    Dewey Decimal Classification   NOT LOAN / إعارة داخلية مكتبة كلية العلوم الإقتصادية والعلوم التجارية وعلوم التسيير مكتبة كلية العلوم الإقتصادية والعلوم التجارية وعلوم التسيير 07/05/2026 الطابق الأرضي 1770/1   أ/2572ن1 1770/1 07/05/2026 07/05/2026 كتب
    Dewey Decimal Classification   Available مكتبة كلية العلوم الإقتصادية والعلوم التجارية وعلوم التسيير مكتبة كلية العلوم الإقتصادية والعلوم التجارية وعلوم التسيير 07/05/2026 الطابق الأرضي 1770/2   أ/2572ن2 1770/2 07/05/2026 07/05/2026 كتب
    Dewey Decimal Classification   Available مكتبة كلية العلوم الإقتصادية والعلوم التجارية وعلوم التسيير مكتبة كلية العلوم الإقتصادية والعلوم التجارية وعلوم التسيير 07/05/2026 الطابق الأرضي 1770/3   أ/2572ن3 1770/3 07/05/2026 07/05/2026 كتب
    Dewey Decimal Classification   Available مكتبة كلية العلوم الإقتصادية والعلوم التجارية وعلوم التسيير مكتبة كلية العلوم الإقتصادية والعلوم التجارية وعلوم التسيير 07/05/2026 الطابق الثاني 1770/4   أ/2572ن4 1770/4 07/05/2026 07/05/2026 كتب
    Dewey Decimal Classification   Available مكتبة كلية العلوم الإقتصادية والعلوم التجارية وعلوم التسيير مكتبة كلية العلوم الإقتصادية والعلوم التجارية وعلوم التسيير 07/05/2026 الطابق الثاني 1770/5   أ/2572ن5 1770/5 07/05/2026 07/05/2026 كتب
    Dewey Decimal Classification   Available مكتبة كلية العلوم الإقتصادية والعلوم التجارية وعلوم التسيير مكتبة كلية العلوم الإقتصادية والعلوم التجارية وعلوم التسيير 07/05/2026 مكتبة بن عكنون 1770/6   أ/2572ن6 1770/6 07/05/2026 07/05/2026 كتب
    Dewey Decimal Classification   Available مكتبة كلية العلوم الإقتصادية والعلوم التجارية وعلوم التسيير مكتبة كلية العلوم الإقتصادية والعلوم التجارية وعلوم التسيير 07/05/2026 مكتبة بن عكنون 1770/7   أ/2572ن7 1770/7 07/05/2026 07/05/2026 كتب
    Dewey Decimal Classification   Available مكتبة كلية العلوم الإقتصادية والعلوم التجارية وعلوم التسيير مكتبة كلية العلوم الإقتصادية والعلوم التجارية وعلوم التسيير 07/05/2026 مكتبة بن عكنون 1770/8   أ/2572ن8 1770/8 07/05/2026 07/05/2026 كتب

موارد الويب المفتوحة


© University of Algiers 3 All Rights Reserved
|
Implemented by LECHELAH Riad